000 00643nam a2200181Ia 4500
003 GCL
008 140319s9999 xx 000 0 ara d
040 _aGCL /
_cGCL
082 0 4 _a347.01
_bن ا
100 1 _aنبيل اسماعيل عمر
245 1 0 _aالاومر على عرائض ونظامها القانون فى المرافعات المدنية والتجارية /
_cنبيل اسماعيل عمر
260 _a[S.N] :
_bمنشاة المعارف الاسلامية
300 _a198 ص
490 _aالكتب القانونية
_v0
650 0 4 _aالقانون
650 0 4 _aقانون المرافعات
942 _2ddc
_cBK
999 _c42424
_d42424